Activation of the Fuels with Low Reactivity Using the High-Power Laser Pulses; Energies; Vol. 11

Podrobná bibliografie
Parent link:Energies
Vol. 11.— 2018.— [3167, 8 p.]
Hlavní autor: Egorov R. I. Roman Igorevich
Korporativní autor: Национальный исследовательский Томский политехнический университет Исследовательская школа физики высокоэнергетических процессов
Další autoři: Zaitsev A. S. Aleksandr Sergeevich, Salgansky E. A. Evgeny Aleksandrovich
Shrnutí:Title screen
In this paper we have proposed the simple and effective approach to activation of the low reactivity industrial fuel which can be used immediately inside the furnace. The high-power laser pulses initiates partial gasification of the fuel together with its ultra-fine atomization. The gas-aerosol cloud surrounding the initial coal-water slurry droplet can consist of approximately 10% (after absorption of hundred pulses) of the initial droplet weight. The ratio of the syngas and aerosol weights is like 1:2 when pulse intensity is higher than 8 J/cm2. The size and velocity distributions of the ultra-fine aerosol particles were analysed using the original realization of the particle tracking velocimetry technique.
Jazyk:angličtina
Vydáno: 2018
Témata:
On-line přístup:http://earchive.tpu.ru/handle/11683/57321
https://doi.org/10.3390/en11113167
Médium: MixedMaterials Elektronický zdroj Kapitola
KOHA link:https://koha.lib.tpu.ru/cgi-bin/koha/opac-detail.pl?biblionumber=659148

MARC

LEADER 00000naa0a2200000 4500
001 659148
005 20250306162022.0
035 |a (RuTPU)RU\TPU\network\27599 
090 |a 659148 
100 |a 20190123d2018 k||y0rusy50 ba 
101 0 |a eng 
102 |a CH 
135 |a drcn ---uucaa 
181 0 |a i  
182 0 |a b 
200 1 |a Activation of the Fuels with Low Reactivity Using the High-Power Laser Pulses  |f R. I. Egorov, A. S. Zaitsev, E. A. Salgansky 
203 |a Text  |c electronic 
300 |a Title screen 
320 |a [References: 27 tit.] 
330 |a In this paper we have proposed the simple and effective approach to activation of the low reactivity industrial fuel which can be used immediately inside the furnace. The high-power laser pulses initiates partial gasification of the fuel together with its ultra-fine atomization. The gas-aerosol cloud surrounding the initial coal-water slurry droplet can consist of approximately 10% (after absorption of hundred pulses) of the initial droplet weight. The ratio of the syngas and aerosol weights is like 1:2 when pulse intensity is higher than 8 J/cm2. The size and velocity distributions of the ultra-fine aerosol particles were analysed using the original realization of the particle tracking velocimetry technique. 
461 1 |t Energies 
463 1 |t Vol. 11  |v [3167, 8 p.]  |d 2018 
610 1 |a электронный ресурс 
610 1 |a труды учёных ТПУ 
610 1 |a отработанное топливо 
610 1 |a водоугольные суспензии 
610 1 |a лазерные импульсы 
610 1 |a аэрозоли 
700 1 |a Egorov  |b R. I.  |c specialist in the field of heat and power engineering  |c Researcher of Tomsk Polytechnic University, candidate of physical and mathematical sciences  |f 1980-  |g Roman Igorevich  |3 (RuTPU)RU\TPU\pers\36601  |9 19642 
701 1 |a Zaitsev  |b A. S.  |c specialist in the field of heat and power engineering  |c Associate Professor, highly qualified worker of Tomsk Polytechnic University, Candidate of Physical and Mathematical Sciences  |f 1991-  |g Aleksandr Sergeevich  |3 (RuTPU)RU\TPU\pers\36040  |9 19177 
701 1 |a Salgansky  |b E. A.  |g Evgeny Aleksandrovich 
712 0 2 |a Национальный исследовательский Томский политехнический университет  |b Исследовательская школа физики высокоэнергетических процессов  |c (2017- )  |3 (RuTPU)RU\TPU\col\23551 
801 2 |a RU  |b 63413507  |c 20200117  |g RCR 
856 4 |u http://earchive.tpu.ru/handle/11683/57321 
856 4 |u https://doi.org/10.3390/en11113167 
942 |c CF